Essential of econometrics/ (Record no. 13947)

000 -LEADER
fixed length control field 00625nam a22001937a 4500
008 - FIXED-LENGTH DATA ELEMENTS--GENERAL INFORMATION
fixed length control field 160921b xxu||||| |||| 00| 0 eng d
020 ## - INTERNATIONAL STANDARD BOOK NUMBER
International Standard Book Number 13978007337584
020 ## - INTERNATIONAL STANDARD BOOK NUMBER
International Standard Book Number 100073375845
050 ## - LIBRARY OF CONGRESS CALL NUMBER
Classification number HD 139
Item number .G85 2010
100 ## - MAIN ENTRY--PERSONAL NAME
Personal name Gujarati, Damodor N.
245 ## - TITLE STATEMENT
Title Essential of econometrics/
Statement of responsibility, etc. Damodar N. Gujarati and Dawn C. Porter
250 ## - EDITION STATEMENT
Edition statement 4th ed.
260 ## - PUBLICATION, DISTRIBUTION, ETC. (IMPRINT)
Place of publication, distribution, etc. Boston :
Name of publisher, distributor, etc. McGraw hill;
Date of publication, distribution, etc. 2010.
300 ## - PHYSICAL DESCRIPTION
Extent xxii,554p. :ill. ;
Other physical details Includes index
Dimensions 19cm
650 ## - SUBJECT ADDED ENTRY--TOPICAL TERM
Topical term or geographic name as entry element Econometrics.
650 ## - SUBJECT ADDED ENTRY--TOPICAL TERM
Topical term or geographic name as entry element Economics
General subdivision statistical methods.
700 ## - ADDED ENTRY--PERSONAL NAME
Personal name Porter, Dawn C.
942 ## - ADDED ENTRY ELEMENTS (KOHA)
Source of classification or shelving scheme
Koha item type Hard Covered Materials
Classification part HG 139 .G85 2010
Koha issues (borrowed), all copies 6
Holdings
Withdrawn status Lost status Source of classification or shelving scheme Damaged status Not for loan Home library Current library Shelving location Date acquired Source of acquisition Total Checkouts Full call number Barcode Date last seen Date last checked out Price effective from Koha item type
          MACHAKOS UNIVERSITY LIBRARY MACHAKOS UNIVERSITY LIBRARY Open shelf 21/09/2016 Donation(BFA) 8 HG 139 .G85 2010 22795 15/12/2023 08/12/2023 21/09/2016 Hard Covered Materials
© Machakos University Library, Along The Highway, Machakos Wote Rd, Machakos, Kenya P.O. Box 136 - 90100 Machakos - Kenya

Tel: ( +254 ) 723 805829 OR Fax : 044-20353 OR Email: library@mksu.ac.ke